Useful Formulae in Textile Calculations (Record no. 6803)
[ view plain ]
| 000 -LEADER | |
|---|---|
| fixed length control field | 00302nam a2200121Ia 4500 |
| 008 - FIXED-LENGTH DATA ELEMENTS--GENERAL INFORMATION | |
| fixed length control field | 191201s2004 xx 000 0 und d |
| 100 ## - MAIN ENTRY--PERSONAL NAME | |
| Personal name | GOKARNESHAN, N |
| 245 #0 - TITLE STATEMENT | |
| Title | Useful Formulae in Textile Calculations |
| 260 ## - PUBLICATION, DISTRIBUTION, ETC. (IMPRINT) | |
| Date of publication, distribution, etc | 2004 |
| Name of publisher, distributor, etc | NCUTE-IIT DELHI |
| 300 ## - PHYSICAL DESCRIPTION | |
| Extent | 176 |
| 650 ## - SUBJECT ADDED ENTRY--TOPICAL TERM | |
| Topical term or geographic name as entry element | B.Tech(TE) |
| 942 ## - ADDED ENTRY ELEMENTS (KOHA) | |
| Source of classification or shelving scheme | Dewey Decimal Classification |
| Koha item type | Text Books |
| Withdrawn status | Lost status | Source of classification or shelving scheme | Damaged status | Not for loan | Collection code | Home library | Current library | Date acquired | Source of acquisition | Bill Number | Total Checkouts | Full call number | Acc. no. / Barcode | Date last seen | Bill Date | Koha item type | Public note | Date last borrowed |
|---|---|---|---|---|---|---|---|---|---|---|---|---|---|---|---|---|---|---|
| Dewey Decimal Classification | B.Tech(TE) | PIET C-LIBRARY | PIET C-LIBRARY | 21/07/2020 | NCUTE IIT Delhi | Donated by Textile HOD Subsash sis Pal | 677.28 GOU | 30401 | 04/12/2019 | 04/01/2019 | Text Books | Donated by HOD Subashsis Pal | ||||||
| Dewey Decimal Classification | B.Tech(TE) | PIET C-LIBRARY | PIET C-LIBRARY | 21/07/2020 | NCUTE IIT Delhi | Donated by Textile HOD Subsash sis Pal | 677.28 GOU | 30402 | 04/12/2019 | 04/01/2019 | Text Books | Donated by HOD Subashsis Pal | ||||||
| Dewey Decimal Classification | B.Tech(TE) | PIET C-LIBRARY | PIET C-LIBRARY | 21/07/2020 | NCUTE IIT Delhi | Donated by Textile HOD Subsash sis Pal | 1 | 677.28 GOU | 30403 | 27/06/2020 | 04/01/2019 | Text Books | Donated by HOD Subashsis Pal | 17/06/2020 |